Eastern Utah Libraries Catalog: Duchesne, Heber, Roosevelt, & Vernal

The summer's end (Record no. 287032)

MARC details
000 -LEADER
fixed length control field 02861nim a22004818i 4500
001 - CONTROL NUMBER
control field blz00008706
003 - CONTROL NUMBER IDENTIFIER
control field CtWfDGI
005 - DATE AND TIME OF LATEST TRANSACTION
control field 20210510131622.0
007 - PHYSICAL DESCRIPTION FIXED FIELD--GENERAL INFORMATION
fixed length control field sd fsngnnmmned
008 - FIXED-LENGTH DATA ELEMENTS--GENERAL INFORMATION
fixed length control field 150113t20152015orunnnn f n eng d
020 ## - INTERNATIONAL STANDARD BOOK NUMBER
International Standard Book Number 9781504601306 (library ed.)
028 01 - PUBLISHER NUMBER
Publisher number Z8706
Source Blackstone Audio
040 ## - CATALOGING SOURCE
Original cataloging agency CtWfDGI
Language of cataloging eng
Description conventions rda
Transcribing agency CtWfDGI
043 ## - GEOGRAPHIC AREA CODE
Geographic area code n-us-sc
050 14 - LIBRARY OF CONGRESS CALL NUMBER
Classification number PS3563.O529
Item number S89 2015d
082 04 - DEWEY DECIMAL CLASSIFICATION NUMBER
Classification number 813/.54
Edition number 23
092 ## - LOCALLY ASSIGNED DEWEY CALL NUMBER (OCLC)
Classification number CDB
098 14 - OTHER CLASSIFICATION SCHEMES (OCLC)
Call number based on other classification scheme V
-- MONR
-- SE
-- M 706
100 1# - MAIN ENTRY--PERSONAL NAME
Personal name Monroe, Mary Alice,
Relator term author,
-- narrator.
9 (RLIN) 58178
245 14 - TITLE STATEMENT
Title The summer's end
Medium [sound recording] /
Statement of responsibility, etc by Mary Alice Monroe.
250 ## - EDITION STATEMENT
Edition statement Unabridged.
264 #1 - Production, Publication, Distribution, Manufacture, and Copyright Notice.
Place of production, publication, distribution, manufacture [Ashland, Oregon] :
Name of producer, publisher, distributor, manufacturer Blackstone Audio, Inc.,
Date of production, publication, distribution, manufacture, or copyr [2015]
264 #4 - Production, Publication, Distribution, Manufacture, and Copyright Notice.
Date of production, publication, distribution, manufacture, or copyr ℗2015
300 ## - PHYSICAL DESCRIPTION
Extent audio discs (hr.) :
Other physical details digital, CD audio ;
Dimensions 4 3/4 in.
336 ## - Content Type
Content type term spoken word
337 ## - Media type
Media type term audio
338 ## - Carrier type
Carrier type term audio disc
490 1# - SERIES STATEMENT
Series statement The Lowcountry summer trilogy ;
Volume number/sequential designation bk. 3
500 ## - GENERAL NOTE
General note IN PROCESS RECORD.
500 ## - GENERAL NOTE
General note Compact discs.
500 ## - GENERAL NOTE
General note "Tracks every 3 minutes for easy bookmarking"--Container.
511 0# - PARTICIPANT OR PERFORMER NOTE
Participant or performer note Read by the author.
520 ## - SUMMARY, ETC.
Summary, etc In the powerful and heartwarming conclusion to her bestselling Lowcountry Summer trilogy, author Mary Alice Monroe brings her readers back to the charm and sultry beauty of Sullivan's Island, South Carolina, to reveal how the pull of family bonds and true love is as strong and steady as the tides. It is summer's end, and Sea Breeze, the family's beloved estate on Sullivan's Island, must be sold. It is an emotional time of transition as Mamaw and the three sisters each must face loss and find a new place in the world. Harper, the youngest sister, arrives at Sea Breeze intending to stay only a weekend. But a rift with her wealthy, influential mother leaves her without direction or a home. During this remarkable summer, free from her mother's tyranny and with the help of her half-sisters, Harper discovers her talents and independent spirit. But summer is ending, and the fate of Sea Breeze hinges on her courage to decide the course of her own life. To do so she must release her insecurities and recognize her newfound strengths. Harper must accept love fully into her life--the love of Mamaw, Carson, and Dora, the love of Sea Breeze and the lowcountry, and most of all, the love of a wounded warrior who has claimed her heart.
651 #0 - SUBJECT ADDED ENTRY--GEOGRAPHIC NAME
Geographic name Sullivan's Island (S.C. : Island)
Form subdivision Fiction.
9 (RLIN) 5778419
655 #0 - INDEX TERM--GENRE/FORM
Genre/form data or focus term Domestic fiction.
9 (RLIN) 5899649
655 #0 - INDEX TERM--GENRE/FORM
Genre/form data or focus term Psychological fiction.
9 (RLIN) 5673631
655 #7 - INDEX TERM--GENRE/FORM
Genre/form data or focus term Audiobooks.
Source of term lcgft
9 (RLIN) 5899650
710 2# - ADDED ENTRY--CORPORATE NAME
Corporate name or jurisdiction name as entry element Blackstone Audio, Inc.
9 (RLIN) 5686062
800 1# - SERIES ADDED ENTRY--PERSONAL NAME
Personal name Monroe, Mary Alice.
Title of a work Lowcountry summer trilogy.
Version Spoken word ;
Volume/sequential designation bk. 3.
9 (RLIN) 5899651
942 ## - ADDED ENTRY ELEMENTS (KOHA)
Koha item type CD
Source of classification or shelving scheme Dewey Decimal Classification
945 ## - LOCAL PROCESSING INFORMATION (OCLC)
c (OCoLC)0900865683
948 ## - LOCAL PROCESSING INFORMATION (OCLC); SERIES PART DESIGNATOR (RLIN)
Series part designator, SPT (RLIN) 06/22/2015
z (OCLC) Sirsi
Holdings
Withdrawn status Lost status Source of classification or shelving scheme Materials specified (bound volume or other part) Damaged status Not for loan Collection code Home library Current library Shelving location Date acquired Source of acquisition Cost, normal purchase price Total Checkouts Total Renewals Full call number Barcode Date last seen Date checked out Cost, replacement price Price effective from Koha item type
    Dewey Decimal Classification .CIRCNOTE. 10 discs     Audiobooks Wasatch County Library Wasatch County Library Second Floor 06/22/2015 Blackstone 45.00 10 1 CD Mon 34301001431420 03/07/2024 01/22/2024 45.00 03/20/2020 Audiobook on CD
This project was made possible through a grant from the Institute of Museum and Library Service administered by the Utah State Library Division.

Wasatch County Library

  • 465 East 1200 South, Heber City, Utah 84032
  • Phone 435-654-1511 | Fax 435-654-6456

Hours

  • Monday - Friday 9:30 AM - 8:00 PM
  • Saturday 9:30 AM - 1:30 PM
  • Closed Sundays and Holidays